Every Player that Hit a HR for the Red Sox in 2022 - Statistics

General Stats
  • This quiz has been taken 26 times
  • The average score is 4 of 20
Answer Stats
POS HR Player % Correct
3B 27 Rafael Devers
100%
SS 16 Trevor Story
81%
2B 15 Xander Bogaerts
76%
DH 16 J.D. Martinez
71%
LF/RF 11 Alex Verdugo
5%
1B/3B 12 Bobby Dalbec
5%
INF 6 Christian Arroyo
5%
C 8 Christian Vazquez
5%
C 1 Conor Wong
5%
UTIL 8 Franchy Cordero
5%
OF 3 Jackie Bradley Jr.
5%
C 1 Kevin Plawecki
5%
LF/INF 6 Tommy Pham
5%
1B 5 Triston Casas
5%
OF 1 Abraham Almonte
0%
UTIL 6 Enrique Hernandez
0%
LF/CF 3 Jarren Duran
0%
SS/2B 1 Jeter Downs
0%
C 3 Reese McGuire
0%
OF 6 Rob Refsnyder
0%
No matching quizzes found
Score Distribution
Percent of People with Each Score
Percentile by Number Answered
Your Score History
You have not taken this quiz